00602nam a2200181Ia 4500008004100000082001300041100001500054245002900069250000800098260003400106300001200140500002400152650001200176942000700188952010400195952010400299999001700403230524s9999 xx 000 0 und d a6.7bSKL aJoel Sklar 0aPrinciples of Web Design a5TH aNEW DELHIbThomson Asiac2004 aXVI;288 aQuantity Number: 2 aComp-Sc cBK 00104070aTATCLbTATCLcGENd2023-05-24l0o006.7 SKLp6744r2023-05-24w2023-05-24yBKzCPEC5404 00104070aTATCLbTATCLcGENd2023-05-24l0o006.7 SKLp6745r2023-05-24w2023-05-24yBKzCPEC5404 c21352d21352